[Event "Titled Tuesday intern op 27th Feb Late"]
[Site "Chess.com INT"]
[Date "2024.02.27"]
[Round "9"]
[White "Thake, Conrad"]
[Black "Vila Dupla, Aurelio"]
[Result "1/2-1/2"]
[WhiteElo "1745"]
[BlackElo "2042"]
[PlyCount "138"]
[EventDate "2024.02.27"]
[EventType "swiss (blitz)"]
[EventRounds "11"]
[EventCountry "USA"]
[SourceTitle "CB10_2024"]
[SourceDate "2024.03.06"]
[SourceVersion "1"]
[SourceVersionDate "2024.03.06"]
[SourceQuality "1"]

1. e4 e6 2. d4 d5 3. Nc3 Nf6 4. Bg5 Be7 5. e5 Nfd7 6. Bxe7 Qxe7 7. f4 g6 8. Nf3 h5 9. Nb5 Nb6 10. a4 a6 11. Nc3 Nc6 12. a5 Nd7 13. Be2 Nb4 14. 0-0 c5 15. Kh1 Kf8 16. Na2 Nc6 17. Qd2 Kg7 18. Nc1 cxd4 19. Nxd4 Nc5 20. Bf3 Bd7 21. c3 Rac8 22. Nd3 Nxd4 23. Nxc5 Nxf3 24. Nxe6+ Bxe6 25. Rxf3 Rcd8 26. Qd4 Bf5 27. Re1 Be4 28. e6+ f6 29. Rg3 h4 30. Rge3 h3 31. Rg3 hxg2+ 32. Kg1 Rh6 33. c4 Qd6 34. cxd5 Bxd5 35. e7 Re8 36. f5 Rxe7 37. Rxe7+ Qxe7 38. Qxd5 Qe1+ 39. Kxg2 Qe2+ 40. Kg1 Qxh2+ 41. Kf1 Qh1+ 42. Qxh1 Rxh1+ 43. Kg2 Rb1 44. Rxg6+ Kf7 45. Rh6 Rxb2+ 46. Kf3 Rb5 47. Ke4 Re5+ 48. Kf4 Rb5 49. Ke4 Ke7 50. Rh7+ Kd6 51. Rf7 Rxa5 52. Rxf6+ Kc7 53. Rf7+ Kc6 54. f6 Ra1 55. Rg7 Re1+ 56. Kf5 Rf1+ 57. Kg6 a5 58. f7 Kb5 59. Rg8 a4 60. f8Q Rxf8 61. Rxf8 Kb4 62. Rb8 b5 63. Kf5 a3 64. Ke4 a2 65. Ra8 Kb3 66. Kd4 b4 67. Kc5 Kb2 68. Kxb4 a1Q 69. Rxa1 Kxa1 1/2-1/2

[Event "Titled Tuesday intern op 13th Feb Late"]
[Site "Chess.com INT"]
[Date "2024.02.13"]
[Round "4"]
[White "Thake, Conrad"]
[Black "Valenzuela Martinez, Hermes"]
[Result "0-1"]
[WhiteElo "1745"]
[BlackElo "1970"]
[PlyCount "52"]
[EventDate "2024.02.13"]
[EventType "swiss (blitz)"]
[EventRounds "11"]
[EventCountry "USA"]
[SourceTitle "CB08_2024"]
[SourceDate "2024.02.21"]
[SourceVersion "1"]
[SourceVersionDate "2024.02.21"]
[SourceQuality "1"]

1. e4 e6 2. d3 d5 3. Nd2 Nf6 4. g3 c5 5. Bg2 Nc6 6. Ngf3 Be7 7. 0-0 0-0 8. e5 Nd7 9. Re1 Qc7 10. Qe2 f6 11. exf6 Nxf6 12. c3 Bd6 13. Ng5 e5 14. h4 h6 15. Nh3 Bg4 16. f3 Be6 17. Nf1 Rae8 18. Qf2 Qd7 19. g4 Nxg4 20. Qg3 e4 21. Bf4 Bxf4 22. Nxf4 exf3 23. Bxf3 Nge5 24. Nxe6 Nxf3+ 25. Kg2 Nxe1+ 26. Rxe1 Rxe6 0-1

[Event "Titled Tuesday intern op 12th Dec Early"]
[Site "Chess.com INT"]
[Date "2023.12.12"]
[Round "6"]
[White "Thake, Conrad"]
[Black "Sarkar, Justin"]
[Result "0-1"]
[WhiteElo "1773"]
[BlackElo "2272"]
[PlyCount "52"]
[EventDate "2023.12.12"]
[EventType "swiss (blitz)"]
[EventRounds "11"]
[EventCountry "USA"]
[SourceTitle "CB51_2023"]
[SourceDate "2023.12.20"]
[SourceVersion "1"]
[SourceVersionDate "2023.12.20"]
[SourceQuality "1"]

1. e4 f5 2. exf5 Nf6 3. Nf3 d5 4. d4 Bxf5 5. Bd3 e6 6. Bxf5 exf5 7. 0-0 Be7 8. Ne5 0-0 9. Nc3 c6 10. Bf4 Nbd7 11. Re1 Ne4 12. Nxe4 fxe4 13. Bg3 Nxe5 14. Bxe5 Bd6 15. Bxd6 Qxd6 16. Re3 Rae8 17. Qg4 Rf4 18. Qg3 Qf6 19. c3 Rf8 20. Rf1 h5 21. f3 h4 22. Qh3 Qg5 23. Qe6+ Kh8 24. Qe5 R4f5 25. f4 Qd8 26. Qe6 R8f6 0-1

[Event "Titled Tuesday intern op 14th Nov Early"]
[Site "Chess.com INT"]
[Date "2023.11.14"]
[Round "5"]
[White "Nagare, Kaivalya Sandip"]
[Black "Thake, Conrad"]
[Result "1-0"]
[WhiteElo "2095"]
[BlackElo "1773"]
[PlyCount "47"]
[EventDate "2023.11.14"]
[EventType "swiss (blitz)"]
[EventRounds "11"]
[EventCountry "USA"]
[SourceTitle "CB47_2023"]
[SourceDate "2023.11.22"]
[SourceVersion "1"]
[SourceVersionDate "2023.11.22"]
[SourceQuality "1"]

1. e4 e6 2. d4 d5 3. Nc3 Bb4 4. e5 Qd7 5. Nf3 b6 6. a3 Bf8 7. Bd3 Ba6 8. Bxa6 Nxa6 9. Qe2 Nb8 10. Bg5 Be7 11. h4 h6 12. Bf4 c5 13. 0-0-0 c4 14. g4 Nc6 15. g5 h5 16. g6 f6 17. exf6 Nxf6 18. Ng5 Nd8 19. Rde1 0-0 20. Be5 Ng4 21. f3 Nxe5 22. dxe5 b5 23. f4 a5 24. Qxh5 1-0

[Event "Titled Tuesday intern op 14th Nov Early"]
[Site "Chess.com INT"]
[Date "2023.11.14"]
[Round "2"]
[White "Oparin, Grigoriy"]
[Black "Thake, Conrad"]
[Result "1/2-1/2"]
[WhiteElo "2667"]
[BlackElo "1773"]
[PlyCount "120"]
[EventDate "2023.11.14"]
[EventType "swiss (blitz)"]
[EventRounds "11"]
[EventCountry "USA"]
[SourceTitle "CB47_2023"]
[SourceDate "2023.11.22"]
[SourceVersion "1"]
[SourceVersionDate "2023.11.22"]
[SourceQuality "1"]

1. g3 Nf6 2. Bg2 g6 3. c4 Bg7 4. Nc3 c5 5. Nf3 Nc6 6. d4 cxd4 7. Nxd4 0-0 8. 0-0 Qb6 9. Nc2 d6 10. b3 Bf5 11. Be3 Qd8 12. Rc1 Qd7 13. Re1 Bh3 14. Bh1 Ng4 15. Bd2 Qf5 16. Ne4 Nd4 17. Ne3 Nxe3 18. Bxe3 e5 19. Nxd6 Qd7 20. c5 Rab8 21. b4 f5 22. Bxd4 exd4 23. e3 dxe3 24. Qb3+ Kh8 25. Qxe3 b6 26. Qe7 Rbd8 27. Qxd7 Rxd7 28. Bg2 Bxg2 29. Kxg2 bxc5 30. bxc5 Bd4 31. Red1 Bb2 32. Rb1 Ba3 33. Nb7 Rc7 34. Rd5 Rb8 35. Rb3 Bc1 36. Na5 Rxb3 37. axb3 Ba3 38. c6 Bb4 39. Rd8+ Kg7 40. Rd7+ Rxd7 41. cxd7 Bxa5 42. Kf3 Kf7 43. Ke3 Ke7 44. Kd3 Kxd7 45. Kc4 Bb6 46. f3 Kc6 47. h3 a5 48. g4 fxg4 49. fxg4 h5 50. gxh5 gxh5 51. b4 axb4 52. Kxb4 Bf2 53. Kc4 h4 54. Kd3 Kd6 55. Ke2 Bg3 56. Kf3 Ke5 57. Kg2 Ke4 58. Kh1 Kf3 59. Kg1 Ke3 60. Kh1 Kf2 1/2-1/2

[Event "Titled Tuesday intern op 14th Nov Early"]
[Site "Chess.com INT"]
[Date "2023.11.14"]
[Round "4"]
[White "Thake, Conrad"]
[Black "Zaksaite, Salomeja"]
[Result "1/2-1/2"]
[WhiteElo "1773"]
[BlackElo "2212"]
[PlyCount "110"]
[EventDate "2023.11.14"]
[EventType "swiss (blitz)"]
[EventRounds "11"]
[EventCountry "USA"]
[SourceTitle "CB47_2023"]
[SourceDate "2023.11.22"]
[SourceVersion "1"]
[SourceVersionDate "2023.11.22"]
[SourceQuality "1"]

1. e4 e5 2. Nf3 Nc6 3. d4 exd4 4. Bc4 Nf6 5. e5 d5 6. Bb5 Ne4 7. 0-0 Bd7 8. Bxc6 bxc6 9. Nxd4 Bc5 10. f3 Ng5 11. Be3 0-0 12. c3 Bb6 13. Qd2 Ne6 14. Nxe6 fxe6 15. b4 a5 16. Bd4 axb4 17. cxb4 Qh4 18. Bxb6 cxb6 19. a3 c5 20. bxc5 bxc5 21. Qf2 Qxf2+ 22. Rxf2 Rf4 23. Nd2 Rfa4 24. Rb1 Rxa3 25. Rb7 R8a7 26. Rb8+ Kf7 27. f4 Ra1+ 28. Rf1 Rxf1+ 29. Kxf1 c4 30. Ke2 c3 31. Nb3 Ba4 32. Kd3 Bxb3 33. Rxb3 Ra2 34. Rxc3 Rxg2 35. Rc7+ Kg6 36. h4 Rg4 37. Re7 Rxh4 38. Rxe6+ Kf7 39. Rd6 Rxf4 40. Rxd5 Ke6 41. Ra5 h5 42. Ke3 Rf5 43. Ke4 Rg5 44. Kf4 Rg4+ 45. Kf3 Rc4 46. Ra7 g5 47. Rg7 g4+ 48. Kg3 Kxe5 49. Rg5+ Kf6 50. Rxh5 Kg6 51. Ra5 Rc3+ 52. Kg2 Rc4 53. Kg3 Rc3+ 54. Kg2 Rc2+ 55. Kg3 Rc3+ 1/2-1/2

[Event "Titled Tuesday intern op 24th Oct Late"]
[Site "Chess.com INT"]
[Date "2023.10.24"]
[Round "11"]
[White "Teumer, Joerg"]
[Black "Thake, Conrad"]
[Result "1/2-1/2"]
[WhiteElo "2148"]
[BlackElo "1778"]
[PlyCount "159"]
[EventDate "2023.10.24"]
[EventType "swiss (blitz)"]
[EventRounds "11"]
[EventCountry "USA"]
[SourceTitle "Mega2024 Update 01"]
[Source "Chessbase"]
[SourceDate "2023.11.12"]
[SourceVersion "1"]
[SourceVersionDate "2023.11.12"]
[SourceQuality "1"]

1. f4 d5 2. Nf3 b6 3. e3 Bb7 4. b3 Nf6 5. Bb2 g6 6. Be2 Bg7 7. 0-0 0-0 8. h3 c5 9. d3 e6 10. Ne5 Nc6 11. Nd2 Nxe5 12. Bxe5 Nd7 13. Bxg7 Kxg7 14. Nf3 f6 15. Qd2 h5 16. Rae1 Qc7 17. Bd1 Rae8 18. c4 a6 19. e4 d4 20. g3 e5 21. Kh2 Bc8 22. Rf2 Qd6 23. Ref1 Qe6 24. Ng1 f5 25. exf5 Rxf5 26. fxe5 Rxf2+ 27. Qxf2 Nxe5 28. Be2 b5 29. Qf4 bxc4 30. bxc4 a5 31. Rf2 Bd7 32. Bf1 a4 33. a3 Bc6 34. Qg5 Re7 35. Re2 Qf6 36. Qxf6+ Kxf6 37. Rf2+ Kg7 38. Be2 Rf7 39. Rxf7+ Kxf7 40. g4 hxg4 41. hxg4 Kf6 42. Kg3 g5 43. Nh3 Kg6 44. Nf2 Kf6 45. Nd1 Ke6 46. Nb2 Kd6 47. Kf2 Bd7 48. Kg3 Bc6 49. Nd1 Bd7 50. Nf2 Bc6 51. Nh3 Nf7 52. Bf3 Bxf3 53. Kxf3 Ne5+ 54. Ke4 Nxg4 55. Nxg5 Nf2+ 56. Kf3 Nxd3 57. Ne4+ Ke5 58. Nd2 Nb2 59. Ke2 Kf4 60. Nb1 d3+ 61. Kd2 Nxc4+ 62. Kxd3 Nxa3 63. Nxa3 c4+ 64. Kxc4 Ke3 65. Kc3 Ke2 66. Nc4 Kd1 67. Kb2 Ke2 68. Ka3 Kd3 69. Nd6 Kd4 70. Nb7 Kd5 71. Nd8 Kd6 72. Nf7+ Ke7 73. Ng5 Kf6 74. Nf3 Kf5 75. Ne1 Kf4 76. Nc2 Kf3 77. Na1 Ke2 78. Nc2 Kd1 79. Nb4 Kd2 80. Kxa4 1/2-1/2

[Event "Titled Tuesday intern op 26th Sep Late"]
[Site "Chess.com INT"]
[Date "2023.09.26"]
[Round "4"]
[White "Thake, Conrad"]
[Black "Campos, Maria Jose"]
[Result "0-1"]
[WhiteElo "1778"]
[BlackElo "2206"]
[PlyCount "122"]
[EventDate "2023.09.26"]
[EventType "swiss (blitz)"]
[EventRounds "11"]
[EventCountry "USA"]
[SourceTitle "EXT 2024"]
[Source "ChessBase"]
[SourceDate "2023.10.10"]
[SourceVersion "1"]
[SourceVersionDate "2023.10.10"]
[SourceQuality "1"]

1. e4 c5 2. Nf3 g6 3. d4 Bg7 4. c4 cxd4 5. Nxd4 Nc6 6. Be3 Nf6 7. Nc3 Ng4 8. Nxc6 Nxe3 9. Nxd8 Nxd1 10. Rxd1 Kxd8 11. g3 Bxc3+ 12. bxc3 Kc7 13. Bg2 d6 14. 0-0 Be6 15. Rd4 g5 16. Rb1 Rab8 17. Bf1 h5 18. f3 h4 19. g4 Rhc8 20. h3 b6 21. Kf2 Rb7 22. Ke3 Kb8 23. Bg2 Rc5 24. Bf1 Rbc7 25. Rb4 Kb7 26. Be2 Ra5 27. a4 Bd7 28. Rd5 Rcc5 29. Bd1 Bc6 30. Rd3 Bd7 31. Rd4 Kc7 32. Rd3 Rc6 33. Rd4 Rac5 34. Be2 Kb7 35. Rd5 Be6 36. Rxc5 Rxc5 37. Kd4 Ra5 38. Bd1 f6 39. Bb3 Kc6 40. Bc2 Kc7 41. Bb3 Rc5 42. Ba2 Bd7 43. Bb3 a5 44. Rb5 Bxb5 45. cxb5 Kd7 46. Bd5 e6 47. Bc6+ Rxc6 48. bxc6+ Kxc6 49. c4 Kd7 50. Kd3 Kc7 51. Ke3 Kc6 52. f4 Kc5 53. e5 dxe5 54. fxe5 f5 55. gxf5 exf5 56. e6 Kd6 57. Kd4 g4 58. hxg4 fxg4 59. Ke4 h3 60. Ke3 h2 61. Kf2 h1Q 0-1

[Event "Titled Tuesday intern op 26th Sep Early"]
[Site "Chess.com INT"]
[Date "2023.09.26"]
[Round "1"]
[White "Thake, Conrad"]
[Black "Stojanovski, Sandi"]
[Result "1/2-1/2"]
[WhiteElo "1778"]
[BlackElo "2179"]
[PlyCount "104"]
[EventDate "2023.09.26"]
[EventType "swiss (blitz)"]
[EventRounds "11"]
[EventCountry "USA"]
[SourceTitle "EXT 2024"]
[Source "ChessBase"]
[SourceDate "2023.10.10"]
[SourceVersion "1"]
[SourceVersionDate "2023.10.10"]
[SourceQuality "1"]

1. e4 d6 2. d4 Nf6 3. Nc3 g6 4. Nf3 Bg7 5. Be2 0-0 6. h3 Nc6 7. Be3 e5 8. d5 Ne7 9. 0-0 Ne8 10. g4 f5 11. gxf5 gxf5 12. Bg5 f4 13. Kh2 Qd7 14. Ng1 Nf6 15. Bxf6 Rxf6 16. Bg4 Qe8 17. f3 h5 18. Bxc8 Qxc8 19. Nge2 Ng6 20. Rg1 Nh4 21. Qf1 Qe8 22. Rg5 Rg6 23. Rxg6 Qxg6 24. Qf2 Qf6 25. Rg1 Kh7 26. Nb5 Ng6 27. c4 Qf7 28. Rg5 h4 29. Qg2 Bf6 30. Rg4 Rg8 31. a4 a6 32. Nbc3 Ne7 33. b4 Rg6 34. a5 Ng8 35. Rxg6 Qxg6 36. Qg4 Qxg4 37. hxg4 Nh6 38. Ng1 Nf7 39. Nh3 Kg7 40. Na4 Kf8 41. Nc3 Ke8 42. Na4 Kd7 43. c5 Be7 44. Kg2 dxc5 45. bxc5 Bf6 46. Kf2 Be7 47. Ke2 Bf6 48. Kd3 Be7 49. Ke2 Bf6 50. Kf2 Be7 51. Kg2 Bf8 52. Kf2 Be7 1/2-1/2